Quilting, patchwork, applique, and trapunto : traditional methods and original designs /

Bibliographic Details
Main Author: Newman, Thelma R.
Format: Book
Language:English
Published: New York : Crown Publishers, [1974]
Subjects:

MARC

Tag First Indicator Second Indicator Subfields
LEADER 00000cam a2200000 i 4500
001 in00000484875
005 20151013051907.0
008 750108s1974 nyuaf b 00110 eng
010 |a  74080317  
020 |a 0517516101 
035 |a (OCoLC)01133609 
035 |9 ACB3100AM 
040 |c DMM  |d TXA  |d UtOrBLW 
049 |a TXAM  |c [1392644] 
050 0 0 |a TT835  |b .N48 1974 
100 1 |a Newman, Thelma R. 
245 1 0 |a Quilting, patchwork, applique, and trapunto :  |b traditional methods and original designs /  |c by Thelma R. Newman. 
264 1 |a New York :  |b Crown Publishers,  |c [1974] 
300 |a 248 pages, 4 unnumbered leaves of plates :  |b illustrations (some color) ;  |c 27 cm. 
336 |a text  |b txt  |2 rdacontent 
337 |a unmediated  |b n  |2 rdamedia 
338 |a volume  |b nc  |2 rdacarrier 
500 |a Includes index. 
504 |a Bibliography: pages 239-240. 
650 0 |a Quilting. 
650 0 |a Patchwork. 
650 0 |a Appliqué. 
650 0 |a Trapunto. 
999 |a MARS 
999 f f |s bfdf13f9-2ebc-3105-92ae-5c0c65ce1a38  |i 18dcdd4d-889b-37a9-b8cd-466e91b9e50a  |t 0 
952 f f |p ric  |a Texas A&M University  |b Rellis Campus  |c Joint Library Facility  |d Remote Storage  |t 0  |e TT835 .N48 1974  |h Library of Congress classification  |i unmediated -- volume  |m A14830297066 
998 f f |a TT835 .N48 1974  |t 0  |l Remote Storage